=LDR 00000nam 2200000 4500 =001 INLIS000000000034527 =005 20150204091741.0 =006 =007 =008 Ind =035 ##$$0010-061300000034527 =041 ##$$a Ind =082 ##$$a 813 =090 ##$$a 813, Kle s =100 ##$$a Kleypas, Lisa =245 ##$$a Suatu hari di musim gugur, it happened one autumn, Lisa Kleypas; alih bahasa Juliana Tan =260 ##$$a 18 cm $b Jakarta =300 ##$$a 402 hlm, 18 cm =650 ##$$a Sastra Indonesia =850 ##$$a NBPNMAT =990 ##$$a 21400613/BPAP-NTB/20142014 =990 ##$$a 0001/BPAP-NTB/20142014